| 000 | 00510nam a2200169 i 4500 | ||
|---|---|---|---|
| 001 | 43737 | ||
| 003 | ES-MaACL | ||
| 005 | 20230906160851.0 | ||
| 007 | t| | ||
| 008 | 030318s1969 sp ||||1| spa d | ||
| 100 | 1 |
_aCervera Vera, Luis. _937646 |
|
| 245 | 1 | 3 |
_aEl Monasterio de San Blas en la villa de Lerma / _cLuis Cervera Vera. |
| 260 |
_a[Valencia] : _bCastalia, _c[1969] |
||
| 300 |
_a160 p., 25 lám. : _bil. ; _c28 cm. |
||
| 852 |
_aES-MaACL _jC-37529 _bR.73714 |
||
| 852 |
_aES-MaACL _jL-2548 _bR.103458 |
||
| 999 |
_c43737 _d43737 |
||